| 000 | 00619cam a2200229 4500500 | ||
|---|---|---|---|
| 005 | 20260329002830.0 | ||
| 041 | _afre | ||
| 042 | _adc | ||
| 245 | 0 | 0 | _aEn cherchant Majorana |
| 260 | _c2013. | ||
| 500 | _a6 | ||
| 690 | _aAntimatière | ||
| 690 | _aAtomisme | ||
| 690 | _aDestin | ||
| 690 | _aDisparition | ||
| 690 | _aÉtienne Klein | ||
| 690 | _aÊtre | ||
| 690 | _aNon-Être | ||
| 690 | _aPhysique | ||
| 786 | 0 | _nPhilosophie magazine | 74 | 11 | 2013-11-01 | p. 81-81 | 1951-1787 | |
| 856 | 4 | 1 | _uhttps://shs.cairn.info/magazine-philosophie-magazine-2013-11-page-81?lang=fr&redirect-ssocas=7080 |
| 999 |
_c1818842 _d1818842 |
||